| 000 | 00461nam a22001457a 4500 | ||
|---|---|---|---|
| 008 | 230403b |||||||| |||| 00| 0 eng d | ||
| 040 |
_aNational Science Library _cNational Science Library |
||
| 080 |
_a061.3:374.2 _bJ7 |
||
| 100 | 1 |
_aZelko, Harold P _93224 |
|
| 245 | _aSuccessful conference and discussion techniques | ||
| 260 |
_aLondon: _bMcGraw-Hill Book Company, Inc., _c1957 |
||
| 300 | _axiii, 264p. | ||
| 653 | _aAmerican scheme | ||
| 942 |
_2udc _cBK |
||
| 999 |
_c18041 _d18041 |
||